<?xml version="1.0" encoding="UTF-8"?>
<record
    xmlns:xsi="http://www.w3.org/2001/XMLSchema-instance"
    xsi:schemaLocation="http://www.loc.gov/MARC21/slim http://www.loc.gov/standards/marcxml/schema/MARC21slim.xsd"
    xmlns="http://www.loc.gov/MARC21/slim">

  <leader>01396nam a2200385Ia 4500</leader>
  <controlfield tag="005">20220317000355.0</controlfield>
  <controlfield tag="007">ta</controlfield>
  <controlfield tag="008">210828s2013    ck   0 epa     s    spa d</controlfield>
  <datafield tag="020" ind1=" " ind2=" ">
    <subfield code="a">9789587108965</subfield>
  </datafield>
  <datafield tag="040" ind1=" " ind2=" ">
    <subfield code="a">CO-BoRNBP</subfield>
    <subfield code="b">spa</subfield>
    <subfield code="e">rda</subfield>
    <subfield code="c">CO-BoRNBP</subfield>
  </datafield>
  <datafield tag="041" ind1="0" ind2=" ">
    <subfield code="a">spa</subfield>
  </datafield>
  <datafield tag="082" ind1="0" ind2="4">
    <subfield code="a">320.6</subfield>
    <subfield code="b">M15</subfield>
    <subfield code="2">22</subfield>
  </datafield>
  <datafield tag="245" ind1="0" ind2="0">
    <subfield code="a">Manual de an&#xE1;lisis y dise&#xF1;o de pol&#xED;ticas p&#xFA;blicas</subfield>
    <subfield code="c">director Gonzalo Ord&#xF3;&#xF1;ez-Matamorros</subfield>
  </datafield>
  <datafield tag="250" ind1=" " ind2=" ">
    <subfield code="a">Primera edici&#xF3;n</subfield>
  </datafield>
  <datafield tag="264" ind1=" " ind2="1">
    <subfield code="a">Bogot&#xE1;</subfield>
    <subfield code="b">Universidad Externado de Colombia</subfield>
    <subfield code="c">2013</subfield>
  </datafield>
  <datafield tag="300" ind1=" " ind2=" ">
    <subfield code="a">324 p&#xE1;ginas</subfield>
    <subfield code="b">ilustraciones, tablas </subfield>
    <subfield code="c">24 cm</subfield>
  </datafield>
  <datafield tag="336" ind1=" " ind2=" ">
    <subfield code="a">texto</subfield>
    <subfield code="b">txt</subfield>
    <subfield code="2">rdacontent</subfield>
  </datafield>
  <datafield tag="337" ind1=" " ind2=" ">
    <subfield code="a">sin mediaci&#xF3;n</subfield>
    <subfield code="b">n</subfield>
    <subfield code="2">rdamedia</subfield>
  </datafield>
  <datafield tag="338" ind1=" " ind2=" ">
    <subfield code="a">volumen</subfield>
    <subfield code="b">nc</subfield>
    <subfield code="2">rdacarrier</subfield>
  </datafield>
  <datafield tag="504" ind1=" " ind2=" ">
    <subfield code="a">Incluye referencias bibliogr&#xE1;ficas</subfield>
  </datafield>
  <datafield tag="521" ind1=" " ind2=" ">
    <subfield code="a">Recomendado para un p&#xFA;blico adulto </subfield>
  </datafield>
  <datafield tag="650" ind1="1" ind2="7">
    <subfield code="a">Pol&#xED;tica p&#xFA;blica</subfield>
    <subfield code="2">LEMB</subfield>
  </datafield>
  <datafield tag="650" ind1="1" ind2="7">
    <subfield code="a">Administraci&#xF3;n p&#xFA;blica</subfield>
    <subfield code="2">LEMB</subfield>
  </datafield>
  <datafield tag="650" ind1="1" ind2="7">
    <subfield code="a">Pol&#xED;tica social</subfield>
    <subfield code="2">LEMB</subfield>
  </datafield>
  <datafield tag="650" ind1="1" ind2="7">
    <subfield code="a">Problemas sociales</subfield>
    <subfield code="2">LEMB</subfield>
  </datafield>
  <datafield tag="650" ind1="1" ind2="7">
    <subfield code="a">Ciencias pol&#xED;ticas</subfield>
    <subfield code="2">LEMB</subfield>
  </datafield>
  <datafield tag="700" ind1="1" ind2=" ">
    <subfield code="a">Ordo&#xF1;ez-Matamoros, Gonzalo</subfield>
    <subfield code="e">director</subfield>
    <subfield code="9">186019</subfield>
  </datafield>
  <datafield tag="700" ind1="1" ind2=" ">
    <subfield code="a">Tadlaoui, Sarah</subfield>
    <subfield code="e">autor</subfield>
    <subfield code="9">186020</subfield>
  </datafield>
  <datafield tag="700" ind1="1" ind2=" ">
    <subfield code="a">Porras &#xC1;lzate, Sara</subfield>
    <subfield code="e">autor</subfield>
    <subfield code="9">15886</subfield>
  </datafield>
  <datafield tag="700" ind1="1" ind2=" ">
    <subfield code="a">Duarte Garc&#xED;a, Jos&#xE9; Andr&#xE9;s</subfield>
    <subfield code="e">autor</subfield>
    <subfield code="9">15887</subfield>
  </datafield>
  <datafield tag="700" ind1="1" ind2=" ">
    <subfield code="a">Hernando L&#xF3;pez, Luis</subfield>
    <subfield code="e">autor</subfield>
    <subfield code="9">15888</subfield>
  </datafield>
  <datafield tag="700" ind1="1" ind2=" ">
    <subfield code="a">Calder&#xF3;n-Pe&#xF1;a, Gloria A.</subfield>
    <subfield code="e">autor</subfield>
    <subfield code="9">15889</subfield>
  </datafield>
  <datafield tag="700" ind1="1" ind2=" ">
    <subfield code="a">Mart&#xED;nez Fajardo, Lina Paola</subfield>
    <subfield code="e">autor</subfield>
    <subfield code="9">15890</subfield>
  </datafield>
  <datafield tag="942" ind1=" " ind2=" ">
    <subfield code="2">ddc</subfield>
    <subfield code="c">BK</subfield>
  </datafield>
  <datafield tag="999" ind1=" " ind2=" ">
    <subfield code="c">3865</subfield>
    <subfield code="d">3865</subfield>
  </datafield>
  <datafield tag="952" ind1=" " ind2=" ">
    <subfield code="0">0</subfield>
    <subfield code="1">0</subfield>
    <subfield code="2">ddc</subfield>
    <subfield code="4">0</subfield>
    <subfield code="7">0</subfield>
    <subfield code="8">GEN</subfield>
    <subfield code="a">MECASARI</subfield>
    <subfield code="b">MECASARI</subfield>
    <subfield code="c">GEN</subfield>
    <subfield code="d">2024-11-10</subfield>
    <subfield code="l">0</subfield>
    <subfield code="o">320.6 - M15 </subfield>
    <subfield code="p">BM0001199</subfield>
    <subfield code="r">2024-11-10 16:05:00</subfield>
    <subfield code="t">Ej.1</subfield>
    <subfield code="w">2024-11-10</subfield>
    <subfield code="y">BK</subfield>
  </datafield>
  <datafield tag="952" ind1=" " ind2=" ">
    <subfield code="0">0</subfield>
    <subfield code="1">0</subfield>
    <subfield code="2">ddc</subfield>
    <subfield code="4">0</subfield>
    <subfield code="7">0</subfield>
    <subfield code="8">GEN</subfield>
    <subfield code="a">MEMAPJGA</subfield>
    <subfield code="b">MEMAPJGA</subfield>
    <subfield code="c">GEN</subfield>
    <subfield code="d">2025-07-17</subfield>
    <subfield code="l">0</subfield>
    <subfield code="o">320.6 M15</subfield>
    <subfield code="p">MPJG00401</subfield>
    <subfield code="r">2025-07-17 14:48:42</subfield>
    <subfield code="t">Ej.1</subfield>
    <subfield code="w">2025-07-17</subfield>
    <subfield code="y">BK</subfield>
  </datafield>
</record>
